| 000 | 00481nam a2200157Ia 4500 | ||
|---|---|---|---|
| 999 |
_c19858 _d19858 |
||
| 003 | OSt | ||
| 005 | 20200602115148.0 | ||
| 008 | 190216s9999||||xx |||||||||||||| ||und|| | ||
| 040 | _coclc | ||
| 082 |
_a337 _bSPE/P |
||
| 100 |
_aSpero, Joan Edelman _91710 |
||
| 245 | 4 |
_aThe Politics Of International Economic Relations / _cJoan Edelman Spero |
|
| 260 |
_bS Chand & Company, _c1980. _aNew Delhi: |
||
| 300 | _a324p | ||
| 942 |
_cBK _2ddc _h337 _iSPE/P _k337 _mSPE/P |
||